MARC

LEADER 00000nam0a2200000 4500
001 352969
005 20231102010541.0
035 |a (RuTPU)RU\TPU\retro\9888 
035 |a RU\TPU\retro\9884 
090 |a 352969 
100 |a 20200221d1958 k y0rusy50 ca 
101 0 |a rus 
102 |a RU 
105 |a y z 000zy 
200 1 |a Некоторые вопросы теории электронных циклических ускорителей  |e [оттиск статьи]  |f А. А. Воробьев 
210 |a Томск  |c Изд-во Томского государственного университета  |d 1958 
215 |a С. 106-111 
225 1 |a Известия высших учебных заведений. Электромеханика  |v № 5 
606 1 |a Ускорители заряженных частиц циклические  |2 stltpush  |3 (RuTPU)RU\TPU\subj\63433  |9 80461 
610 1 |a Коллекция ТПУ 
610 1 |a оттиски 
610 1 |a труды учёных ТПУ 
610 1 |a электроны 
610 1 |a излучение 
610 1 |a энергопотери 
610 1 |a теория автоматического регулирования 
675 |a 621.384.63  |v 4 
700 1 |a Воробьев  |b А. А.  |c российский физик  |c ректор Томского политехнического института, профессор  |f 1909-1981  |g Александр Акимович  |x TPU  |2 stltpush  |3 (RuTPU)RU\TPU\pers\12805 
801 1 |a RU  |b 63413507  |c 20200219 
801 2 |a RU  |b 63413507  |c 20221024  |g RCR 
942 |c BK